National conference on role of library association in promoting information literacy in the knoledge society (Record no. 163654)

MARC details
000 -LEADER
fixed length control field 01240nam a2200193 4500
005 - DATE AND TIME OF LATEST TRANSACTION
control field 20190425175144.0
010 ## - LCCN (DPL NO)
LC control number ENG-125080
020 ## - INTERNATIONAL STANDARD BOOK NUMBER
International Standard Book Number 978819233
Terms of availability 450.00
035 ## - SYSTEM CONTROL NUMBER
System control number EN-108612
037 ## - SOURCE OF ACQUISITION
Source of stock number/acquisition DBAD/PUB
082 ## - DEWEY DECIMAL CLASSIFICATION NUMBER
Classification number 028.709
245 ## - TITLE STATEMENT
Title National conference on role of library association in promoting information literacy in the knoledge society
Statement of responsibility, etc ed. by B.Ramesh Babu...[et. all]
260 ## - PUBLICATION, DISTRIBUTION, ETC. (IMPRINT)
Place of publication, distribution, etc Vijaywada
Name of publisher, distributor, etc Andra Pradesh Library Association
Date of publication, distribution, etc 2014
270 ## - ADDRESS
Address Sri Sarvottama Bhavam
City Vijaywada
Postal code 520010
Electronic mail address apla1914@gmail.com
300 ## - PHYSICAL DESCRIPTION
Extent xiii,446p.
Dimensions 23cm(pbk)
500 ## - GENERAL NOTE
General note includes bibliographical references
700 ## - ADDED ENTRY--PERSONAL NAME
Personal name Ramesh Babu B.
942 ## - ADDED ENTRY ELEMENTS (KOHA)
Source of classification or shelving scheme Dewey Decimal Classification
Item type English Books
Classification part 028.709
Call number suffix NAT
Holdings
Withdrawn status Lost status Not for loan Collection code Home library Current library Date acquired Source of acquisition Cost, normal purchase price Full call number Barcode Copy number Cost, replacement price Koha item type
    Not For Loan Non-fiction D.B.Act.Division Ashok Vihar 25/04/2019 DBAD/PUB 450.00 028.709 NAT EN-108612 1 450.00 English Books

© Delhi Public Library
Hit Counter
free hit counter